Flags of non-recognised Countries and Territories of the World #2 - Statistics

General Stats
  • This quiz has been taken 61 times
  • The average score is 12 of 16
Answer Stats
Picture Answer % Correct
Guam
94%
American Samoa
91%
Aruba
91%
Åland
85%
Christmas Island
85%
Transnistria
83%
Cocos (Keeling) Islands
79%
Cook Islands
79%
French Guiana
77%
Bermuda
74%
British Virgin Islands
74%
Turks and Caicos Islands
66%
Azores
64%
Madeira
64%
Canary Islands
60%
South Georgia and the South Sandwich Islands
26%
No matching quizzes found
Score Distribution
Percent of People with Each Score
Percentile by Number Answered
Your Score History
You have not taken this quiz